Verdad (Record no. 174046)
[ view plain ]
| 000 -LEADER | |
|---|---|
| campo de control de longitud fija | 00848nam a2200193 i 4500 |
| 001 - NÚMERO DE CONTROL | |
| campo de control | 174046 |
| 003 - IDENTIFICADOR DE NÚMERO DE CONTROL | |
| campo de control | ES-MaACL |
| 005 - FECHA Y HORA DE LA ÚLTIMA TRANSACCIÓN | |
| campo de control | 20250303062550.0 |
| 008 - DATOS DE LONGITUD FIJA--INFORMACIÓN GENERAL | |
| campo de control de longitud fija | 100209s1906 sp |||| | spa d |
| 080 ## - NÚMERO DE LA CLASIFICACIÓN DECIMAL UNIVERSAL | |
| Número de la Clasificación Decimal Universal | 821.134.2-2"18" |
| 100 1# - ENTRADA PRINCIPAL--NOMBRE DE PERSONA | |
| Nombre de persona | Pardo Bazán, Emilia, |
| Títulos y otros términos asociados al nombre | Condesa de, |
| Fechas asociadas al nombre | 1851-1921 |
| 9 (RLIN) | 176434 |
| 245 10 - MENCIÓN DEL TÍTULO | |
| Título | Verdad |
| Resto del título | : drama en cuatro actos, en prosa / |
| Mención de responsabilidad, etc. | original de Emilia Pardo Bazán. |
| 260 ## - PUBLICACIÓN, DISTRIBUCIÓN, ETC. | |
| Lugar de publicación, distribución, etc. | Madrid : |
| Nombre del editor, distribuidor, etc. | Sociedad de Autores Españoles, |
| Fecha de publicación, distribución, etc. | 1906 ( |
| Fabricante | R. Velasco) |
| 300 ## - DESCRIPCIÓN FÍSICA | |
| Extensión | 67 p. ; |
| Dimensiones | 19 cm. |
| 500 ## - NOTA GENERAL | |
| Nota general | En port.: Estrenado en el Teatro Español el 9 de febrero de 1906. |
| 852 ## - LOCALIZACIÓN | |
| Ubicación | ES-MaACL |
| Número de control de estantería | F-8648(1) |
| Nota libre | - Enc. pasta española, conservando cub. original |
| -- | - Enc. en un vol. facticio formando parte de la col. facticia "Teatro español moderno", v. 105 |
| -- | .- Dedicatoria autógrafa de la autora |
| 942 ## - ELEMENTOS DE ENTRADA SECUNDARIOS (KOHA) | |
| Fuente del sistema de clasificación o colocación | Clasificación decimal universal |
| Estatus retirado | Estado de pérdida | Fuente del sistema de clasificación o colocación | Estado de daño | No para préstamo | Colección | Biblioteca de origen | Biblioteca actual | Ubicación en estantería | Fecha de adquisición | Número de control de estantería | Total de préstamos | Signatura topográfica completa | Código de barras | Visto por última vez | Fecha del último préstamo | Tipo de ítem Koha | Nota pública |
|---|---|---|---|---|---|---|---|---|---|---|---|---|---|---|---|---|---|
| Clasificación decimal universal | Libros con dedicatorias | Biblioteca del Ateneo de Madrid | Biblioteca del Ateneo de Madrid | Sala Pecera Planta 2 | 10/02/2010 | 1 | 1 | F-8648(1) | 1182698 | 16/10/2025 | 15/10/2025 | Libro impreso | Dedicatoria autógrafa de la autora |
